People on Time Covers 1977 - Statistics

General Stats
  • This quiz has been taken 16 times
  • The average score is 9 of 36
Answer Stats
Hint Answer % Correct
Daughter of the U.S. president. She entered the limelight as a child when she lived in the White House. Amy Carter
80%
American politician and humanitarian who served as the US president from 1977 to 1981. Man of the Year in 1976. Jimmy Carter
80%
Ugandan military officer and politician who served as the president of Uganda from 1971 to 1979. He ruled as a military dictator and is considered one of the most brutal despots in modern world history Idi Amin
67%
President of the United States from 1969 to 1974. He resigned due to the Watergate scandal. Richard Nixon
60%
American actress. She starred in The Godfather. She frequently collaborated with Woody Allen, including Play It Again, Sam and Annie Hall which won her the Academy Award for Best Actress. She also starred in Looking for Mr Goodbar, Reds, and Father of the Bride. Diane Keaton
47%
First-century Jewish preacher and religious leader. He is the central figure of Christianity. Most Christians believe him to be the incarnation of God the Son and the messiah. Jesus
47%
British Irish author, best known for his espionage novels. He was known for The Spy Who Came in from the Cold, Tinker Tailor Soldier Spy and The Little Drummer Girl. John le Carre
47%
Australian-American business magnate, investor, and media proprietor. Through his company News Corp, he is the owner of hundreds of local, national, and international publishing outlets around the world. Rupert Murdoch
47%
American writer and the author of the book Roots: The Saga of an American Family. ABC adapted the book as a television miniseries of the same name and aired it in 1977 Alex Haley
40%
Egyptian politician and military officer who served as the president of Egypt, from 15 October 1970 until his assassination by fundamentalist army officers on 6 October 1981. He and the Prime Minister of Israel signed a peace treaty for which they were recognized with the Nobel Peace Prize. Anwar Sadat
40%
British television host, journalist, comedian and writer. He was known for his interviews with senior political figures. He interviewed all eight British prime ministers serving from 1964 to 2016, and all eight American presidents in office from 1969 to 2008. David Frost
40%
American television personality, entrepreneur, and author from Tallahassee, Florida. He is the founder of the Famous _____ chocolate-chip cookie, the Cookie Kahuna, and Aunt Della's Cookies gourmet cookie brands. Wally Amos
40%
American actress, comedian, writer, singer, and producer. In 1975, she earned a nomination for the Academy Award for Best Supporting Actress by starring in Nashville. She also provided the voice for Ms Fizzle in the Magic School Bus. Lily Tomlin
20%
American singer who performed and recorded in diverse genres including rock, country, and Latin music. Her number one single was "You're No Good" Linda Ronstadt
20%
Israeli politician, founder of Likud and Prime Minister of Israel. Signed a peace treaty with Egypt for which he shared the Nobel Prize for Peace. Menachem Begin
20%
English-American guitarist, singer and songwriter who rose to prominence as a member of the rock bands The Herd and Humble Pie. Later in his career he found significant success as a solo artist. Peter Frampton
20%
Kenyan paleoanthropologist, conservationist and politician. He held a number of official positions in Kenya, mostly in institutions of archaeology and wildlife conservation. Richard Leakey
20%
Soviet physicist and a Nobel Peace Prize laureate, which he was awarded in 1975 for emphasizing human rights around the world. Andrei Sakharov
13%
American academic, scientist, and politician who served as the governor of Washington from 1977 to 1981. Variously described as idiosyncratic and "ridiculously smart," she was the state's first female governor. Dixy Lee Ray
13%
American fugitive convicted of the assassination of Martin Luther King Jr. in Memphis, Tennessee, on April 4, 1968. After the assassination, he fled the United States and was captured in the United Kingdom. James Earl Ray
13%
Israeli military leader and politician. In 1977, he joined the Likud-led government as Foreign Minister, playing an important part in negotiating the peace treaty between Egypt and Israel. Moshe Dayan
13%
In 1977 he became the first jockey to win over $6 million in a year and in 1978 he became the youngest jockey to win the U. S. Triple Crown. He is the only jockey ever named Sports Illustrated Sportsman of the Year.[ Steve Cauthen
13%
Spanish lawyer and politician. He was Spain's first democratically elected prime minister after the dictatorship of Francisco Franco. Adolfo Suarez
7%
American publisher and a businessman. Born into a prominent media and publishing family, he became publisher of The New York Times in 1963 and chairman of the board of The New York Times Company in 1973. Arthur Ochs Sulzberger
7%
American businessman who served as director of the Office of Management and Budget in 1977. Bert Lance
7%
Australian author known for the novels The Thorn Birds and The Ladies of Missalonghi. Colleen McCullough
7%
American television executive and producer. He was responsible for Scooby-Doo, All in the Family, The Waltons, and Charlie's Angels, as well as the miniseries Rich Man, Poor Man, Roots, and Shōgun. Fred Silverman
7%
American politician who served as Chief of Staff to President of the United States Jimmy Carter. Hamilton Jordan
7%
American nuclear physicist who served as United States Secretary of Defense from 1977 to 1981. Harold Brown
7%
American economist and public servant who was Secretary of Defense from 1973 to 1975. He served as Chair of the Atomic Energy Commission (AEC) from 1971 to 1973. He became America's first Secretary of Energy from 1977 to 1979. James R. Schlesinger
7%
Known as Madame Mao, she was a Chinese communist revolutionary, actress, and major political figure during the Cultural Revolution. Jiang Qing
7%
American political advisor who served as a White House press secretary during the presidency of Jimmy Carter. Jody Powell
7%
South African apartheid politician who served as the prime minister of South Africa from 1966 to 1978 and state president from 1978 to 1979. John Vorster
7%
American author of self-help books for married women, including The Total Woman and The Total Woman Cookbook. Marabel Morgan
7%
Russian cellist and conductor. In addition to his interpretations and technique, he was well known for both inspiring and commissioning new works. He was internationally recognized as a staunch advocate of human rights, and was awarded the 1974 Award of the International League of Human Rights. Mstislav Rostropovich
7%
Panamanian professional baseball player and coach. He played in the MLB as a first baseman, second baseman and designated hitter from 1967 to 1985 for the Minnesota Twins and the California Angels. Rod Carew
7%
No matching quizzes found
Score Distribution
Percent of People with Each Score
Percentile by Number Answered
Your Score History
You have not taken this quiz